Ethnics Moments in Government: Cases and Controversies (Record no. 18213)

000 -LEADER
fixed length control field 00453nam a2200145Ia 4500
020 ## - INTERNATIONAL STANDARD BOOK NUMBER
ISBN 978-1-4398-0690-6
084 ## - OTHER CLASSIFICATION OF CALL NUMBER
Call Number (Nomor Katalog) 1128-0020 MEN Gov Bo
100 ## - MAIN ENTRY--AUTHOR NAME
Personal name (Pengarang) Donald C. Menzel
245 #0 - TITLE STATEMENT
Sub Title (Anak Judul) Ethnics Moments in Government: Cases and Controversies
260 ## - PUBLICATION, DISTRIBUTION, ETC. (IMPRINT)
Place of publication (Tempat Terbit/Kota) New York
Name of publisher (Nama Penerbit) CRC Press
Year of publication (Tahun Terbit) 2010
300 ## - PHYSICAL DESCRIPTION
Number of Pages (Jumlah Halaman) i-xxviii + 269 hlm
650 ## - SUBJECT ADDED ENTRY--TOPICAL TERM
Topical Term (Topik 1) Government (Pemerintahan)
Relator term (Topik 2) G-O-V
Chronological subdivision (Topik 5) Cases and Controversies
942 ## - ADDED ENTRY ELEMENTS (KOHA)
Koha item type Books (Buku)
Holdings
Withdrawn status Lost status Damaged status Not for loan Permanent Location (Lokasi Permanen) Current Location (Lokasi Sekarang) Shelving location (Lokasi Rak) Date acquired Cost, normal purchase price (Harga Buku) Full call number (Nomor Katalog) Barcode Price effective from Koha item type (Jenis Koleksi)
        MAP Library MAP Library Bookshelf 03/26/2022 8.00 1128-0020 MEN Gov Bo 11280020 03/26/2022 Books (Buku)